<?xml version="1.0" encoding="UTF-8"?>
<record
    xmlns:xsi="http://www.w3.org/2001/XMLSchema-instance"
    xsi:schemaLocation="http://www.loc.gov/MARC21/slim http://www.loc.gov/standards/marcxml/schema/MARC21slim.xsd"
    xmlns="http://www.loc.gov/MARC21/slim">

  <leader>01289nam a2200145   4500</leader>
  <controlfield tag="008">370.15 F866c</controlfield>
  <datafield tag="020" ind1=" " ind2=" ">
    <subfield code="a">9786070302435</subfield>
  </datafield>
  <datafield tag="082" ind1=" " ind2=" ">
    <subfield code="a">370.15</subfield>
    <subfield code="b">F866c</subfield>
  </datafield>
  <datafield tag="100" ind1=" " ind2=" ">
    <subfield code="a">Freire, Paulo</subfield>
    <subfield code="9">6237</subfield>
  </datafield>
  <datafield tag="245" ind1=" " ind2=" ">
    <subfield code="a">cartas a quien pretende ense&#xF1;ar</subfield>
  </datafield>
  <datafield tag="260" ind1=" " ind2=" ">
    <subfield code="a">M&#xE9;xico</subfield>
    <subfield code="b">Siglo XXI</subfield>
    <subfield code="c">2010</subfield>
  </datafield>
  <datafield tag="300" ind1=" " ind2=" ">
    <subfield code="a">152 p.</subfield>
    <subfield code="c">21 x 13.5 cm</subfield>
  </datafield>
  <datafield tag="505" ind1=" " ind2=" ">
    <subfield code="r">Rosa Mar&#xED;a Torres</subfield>
    <subfield code="t">Pr&#xF3;logo</subfield>
    <subfield code="t">Introducci&#xF3;n</subfield>
    <subfield code="t">Primeras palabras: Maestra-t&#xED;a: la trampa</subfield>
    <subfield code="t">Primera carta: Ense&#xF1;ar-aprender. Lectura del mundo-lectura de la palabra</subfield>
    <subfield code="t">Segunda carta: no permita que el miedo a la dificultad lo paralice</subfield>
    <subfield code="t">Tercera carta: "Vine a hacer el curso de magisterio porque no tuve otra posibilidad"</subfield>
    <subfield code="t">Cuarta carta: de las casualidades indispensables para el mejor desempe&#xF1;o de las maestras y los maestros progresistas</subfield>
    <subfield code="t">Quinta carta: primer d&#xED;a de clase</subfield>
    <subfield code="t">Sexta carta: De las relaciones entre la educadora y los educandos</subfield>
    <subfield code="t">S&#xE9;ptima carta: De hablarle al educando a hablarle a &#xE9;l y con &#xE9;l, de o&#xED;r al educando a ser o&#xED;do por &#xE9;l</subfield>
    <subfield code="t">Octava carta: identidad cultural y educaci&#xF3;n</subfield>
    <subfield code="t">Novena carta: contexto concreto-contexto te&#xF3;rico</subfield>
    <subfield code="t">D&#xE9;cima carta: Una vez m&#xE1;s, la cuesti&#xF3;n de la disciplina</subfield>
    <subfield code="t">&#xDA;ltimas palabras: saber y crecer-todo que ver</subfield>
  </datafield>
  <datafield tag="650" ind1=" " ind2=" ">
    <subfield code="x">Educaci&#xF3;n</subfield>
    <subfield code="x">formaci&#xF3;n docente</subfield>
    <subfield code="x">did&#xE1;ctica</subfield>
    <subfield code="x">ense&#xF1;anza-aspectos sociales</subfield>
    <subfield code="x">educaci&#xF3;n-filosof&#xED;a</subfield>
    <subfield code="9">6238</subfield>
  </datafield>
  <datafield tag="999" ind1=" " ind2=" ">
    <subfield code="c">1424</subfield>
    <subfield code="d">1424</subfield>
  </datafield>
  <datafield tag="952" ind1=" " ind2=" ">
    <subfield code="0">0</subfield>
    <subfield code="1">0</subfield>
    <subfield code="2">ddc</subfield>
    <subfield code="4">0</subfield>
    <subfield code="7">0</subfield>
    <subfield code="a">LV</subfield>
    <subfield code="b">LV</subfield>
    <subfield code="c">Pensamiento</subfield>
    <subfield code="d">2018-04-26</subfield>
    <subfield code="l">1</subfield>
    <subfield code="o">370.15 F866c</subfield>
    <subfield code="p">004582</subfield>
    <subfield code="r">2020-02-11 00:00:00</subfield>
    <subfield code="s">2019-09-05</subfield>
    <subfield code="w">2018-04-26</subfield>
    <subfield code="y">01</subfield>
  </datafield>
</record>
